Market leader : (Record no. 284417)
[ view plain ]
| 000 -LEADER | |
|---|---|
| fixed length control field | 00837nam a2200265 4500 |
| 001 - CONTROL NUMBER | |
| control field | 000776361 |
| 003 - CONTROL NUMBER IDENTIFIER | |
| control field | AM-YeHGA |
| 005 - DATE AND TIME OF LATEST TRANSACTION | |
| control field | 20250617143940.0 |
| 006 - FIXED-LENGTH DATA ELEMENTS--ADDITIONAL MATERIAL CHARACTERISTICS | |
| fixed length control field | innn s j |
| 007 - PHYSICAL DESCRIPTION FIXED FIELD--GENERAL INFORMATION | |
| fixed length control field | sd fsngnnmmned |
| 008 - FIXED-LENGTH DATA ELEMENTS--GENERAL INFORMATION | |
| fixed length control field | 050401s2005 enka 000 0 eng c |
| 020 ## - INTERNATIONAL STANDARD BOOK NUMBER | |
| International Standard Book Number | 0582838207 (English practice file, with CD) |
| 040 ## - CATALOGING SOURCE | |
| Original cataloging agency | AM-YeHGA |
| 041 0# - LANGUAGE CODE | |
| Language code of text/sound track or separate title | eng |
| 090 ## - LOCALLY ASSIGNED LC-TYPE CALL NUMBER (OCLC); LOCAL CALL NUMBER (RLIN) | |
| -- | 286079 |
| 100 1# - MAIN ENTRY--PERSONAL NAME | |
| Personal name | Rogers, John. |
| 245 10 - TITLE STATEMENT | |
| Title | Market leader : |
| Remainder of title | Intermediate business English : |
| Name of part/section of a work | Practice file / |
| Statement of responsibility, etc. | John Rogers. |
| 250 ## - EDITION STATEMENT | |
| Edition statement | New ed. |
| 260 ## - PUBLICATION, DISTRIBUTION, ETC. | |
| Place of publication, distribution, etc. | Harlow : |
| Name of publisher, distributor, etc. | Pearson Longman, |
| Date of publication, distribution, etc. | 2005. |
| 300 ## - PHYSICAL DESCRIPTION | |
| Extent | 110 p. : |
| Other physical details | ill. ; |
| Dimensions | 30 cm. + |
| Accompanying material | CD |
| 500 ## - GENERAL NOTE | |
| General note | Previous ed.: 2000. |
| 500 ## - GENERAL NOTE | |
| General note | At foot of title: Financial Times. |
| 650 #0 - SUBJECT ADDED ENTRY--TOPICAL TERM | |
| Topical term or geographic name entry element | English language |
| General subdivision | Business English |
| Form subdivision | Textbooks for foreign speakers. |
| 730 0# - ADDED ENTRY--UNIFORM TITLE | |
| Uniform title | Financial times (London, England). |
| Withdrawn status | Lost status | Damaged status | Not for loan | Collection | Home library | Current library | Date acquired | Cost, normal purchase price | Serial enumeration / chronology | Shelving control number | Total checkouts | Full call number | Barcode | Date last seen | Price effective from | Koha item type | Public note |
|---|---|---|---|---|---|---|---|---|---|---|---|---|---|---|---|---|---|
| General | Fundamental Scientific Library | Fundamental Scientific Library | 29/12/2016 | 3000.00 | CD | И III/21512 | FL0175935 | 29/12/2016 | 29/12/2016 | Գրքեր / Books | 30 Days Loan |
ՀՀ Գիտությունների ազգային ակադեմիայի հիմնարար գիտական գրադարան = Fundamental Scientific Library of NAS RA
All site content, except where otherwise noted, is licensed under a